Morfología verbal del Rapa Nui lengua Polinésica de la Isla de Pascua, y su función en la Narración
Guardat en:
| Autor principal: | |
|---|---|
| Format: | Llibre |
| Idioma: | espanyol |
| Publicat: |
Valparaíso
Ediciones Universitarias de Valparaíso
2003
|
| Edició: | 1a. ed |
| Matèries: | |
| Etiquetes: |
Afegir etiqueta
Sense etiquetes, Sigues el primer a etiquetar aquest registre!
|
MARC
| LEADER | 00000nam a2200000 a 4500 | ||
|---|---|---|---|
| 001 | UCJ3017 | ||
| 003 | CL-VaPUC | ||
| 008 | 070119e20030500CL |||||||||||||||||spa|d | ||
| 082 | 0 | 4 | |a 499.994 |b WEB |2 21 |
| 100 | 0 | |a Weber CH, Roberto |e author |9 504127 | |
| 245 | 1 | 0 | |a Morfología verbal del Rapa Nui lengua Polinésica de la Isla de Pascua, y su función en la Narración |
| 250 | |a 1a. ed | ||
| 300 | |a 176 p | ||
| 942 | |c BK | ||
| 945 | |d 20070119 00:00:00 |a lvergara | ||
| 260 | |a Valparaíso |b Ediciones Universitarias de Valparaíso |c 2003 | ||
| 500 | |a Donación de la Dra. Marianne Peronard Thierry | ||
| 650 | 0 | |a Rapa Nui |9 504128 | |
| 650 | 0 | |a Investigación lingüística |9 329785 | |
| 650 | 0 | |a Morfología |9 334440 | |
| 650 | 7 | |a LENGUAS POLINESICAS |2 CL-VaPUC |9 504129 | |
| 583 | |a last modification |c 20070119 00:00:00 |k Rodrigo Vera | ||
| 999 | |c 319141 |d 319139 | ||
| 952 | |0 0 |1 0 |4 0 |6 499_994000000000000_WEB_2003 |7 0 |8 A |9 397386 |a FDOPOS |b FDOPOS |d 2019-11-22 |i 4312538 |o 499.994 WEB 2003 |p 4312538 |r 2025-01-22 |w 2019-11-22 |y BK |k MLA | ||